000 00320nam a22001337a 4500
008 181023b xxu||||| |||| 00| 0 eng d
020 _a9780618777372
041 _aeng
080 _a371
100 _a46
101 _aEDU
245 _aMathematical Thinking and Quantitative Reasoning
_cAufmann,R.N
942 _2udc
_cBK
999 _c50592
_d50592